Agresori v školách čo s nimi?

Bibliographic Details
Main Author: Horáková, Jarmila (Author)
Format: Article
Language:Slovak
ISSN:1335-440X
Subjects:

MARC

LEADER 00000nab a2200000 a 4500
001 vtls008996892
003 SK-MaSNL
005 20260303065753.0
008 140512c2007 xo dr|p|||||||000 b|slo
015 |a SNBRB2007/06  |2 snkbucl 
038 |a SNKBUCL 
040 |a SNKBUCL  |b slo  |c SNKBUCL  |e AACR2 
041 |a slo 
044 |a xo  |c SK 
080 |a 37.017  |2 1997 
080 |a 316.624:37  |2 2001 
100 1 |a Horáková, Jarmila  |4 aut  |9 354683 
245 1 0 |a Agresori v školách  |b čo s nimi?  |c Jarmila Horáková 
500 |a Od 15.1.2007 návrat k pôvodnému vročeniu 
650 0 7 |a škola  |2 SNKPH  |9 29975 
650 0 7 |a detská agresivita  |2 SNKPH  |9 71237 
773 0 |t Sme  |g Roč. 15, č. 125 (1.6.2007)  |x 1335-440X 
773 0 8 |t Kultúra  |g S. 28 
852 |a SNK  |b KIS3GCP 
999 |c 1752617  |d 1754547